| 000 | 00843nam a2200241 i 4500 | ||
|---|---|---|---|
| 001 | 70920 | ||
| 003 | ES-MaACL | ||
| 005 | 20250815082226.0 | ||
| 007 | t| | ||
| 008 | 040804s1956 sp ||||1| spa d | ||
| 080 | _a355(47) | ||
| 100 | 1 |
_aGarthoff, Raymond L. _955794 |
|
| 245 | 1 | 0 |
_aDoctrina militar soviética : _bcómo hace la guerra Rusia / _cL. Raymond Garthoff ; traducción del inglés por Juan Santa-Cruz Vergara. |
| 260 |
_aMadrid : _bAguilar, _c1956 ( _fOrbe) |
||
| 300 |
_aXIX, 567 p. ; _c22 cm. |
||
| 490 | 1 | _aBiblioteca de ciencias sociales | |
| 650 | 4 |
_aEjército- _zRusia. _9173704 |
|
| 650 | 4 |
_aArte y ciencia militar- _zRusia. _9173705 |
|
| 700 | 1 |
_aSanta-Cruz Vergara, Juan. _9103239 |
|
| 830 | 1 | 0 |
_aBiblioteca de ciencias sociales (Aguilar) _9220462 |
| 852 |
_aES-MaACL _jC-11550 |
||
| 999 |
_c70920 _d70920 |
||